Lőcse Ág. ev. templom

Zobrazenie: Pohľad na Immaculatu obkolesenú stromami a ev. kostol

Bibliographic Details
Format: Postcard
Language:Hungarian
PhysicalDescription:1 pohľadnica kolorovaná 9 x 14 cm
Published: Lőcse Braun Fülöp könyv- és papirkereskedö kiadása 1917
Subjects:

MARC

LEADER 00000ckm a2200000 a 4500
001 vtls011779491
003 SK-MaSNL
005 20260512125958.0
007 kp co
008 230706s1917 xo g kuhun
015 |a SNBG1917 
035 |a urn:nbn:sk:snk-km00dpcm 
035 |a urn:nbn:sk:snk-km3lxy3 
035 |a 56B9A062-514D-4E41-8163-CEEB4F212378 
040 |a SNK  |b slo  |c SNK  |e AACR2 
041 0 |a hun 
043 |a e-xo--- 
044 |a xo  |c SK 
072 7 |a 913  |x Regionálna geografia  |2 konspekt 
080 |a (084.121)  |2 2011 
080 |a 913(437.6)  |2 2011 
080 |a 726:27-523.42  |2 2011 
245 0 0 |a Lőcse  |h grafika  |b Ág. ev. templom 
260 |a Lőcse  |b Braun Fülöp könyv- és papirkereskedö kiadása  |c 1917  |e [Budapešť]  |f [Divald Karoly] 
300 |a 1 pohľadnica  |b kolorovaná  |c 9 x 14 cm 
520 8 |a Zobrazenie: Pohľad na Immaculatu obkolesenú stromami a ev. kostol 
650 0 7 |a kostoly  |2 SNKPH  |9 3023 
651 7 |a Levoča (Slovensko)  |2 SNKPHgeo  |9 26696 
655 7 |a miestne pohľadnice  |2 SNKPH  |9 70510 
752 |a Slovensko  |d Levoča 
852 |a Slovenská národná knižnica 
958 |a GBN 
958 |a GC 
958 |a ONDV 
999 |c 1119978  |d 1121908 
952 |a SNK  |b SNK  |y PREZ  |7 0  |p 17A1232473  |o snkSP 86311  |0 0  |1 0  |4 0  |d 2018-09-18  |f 1  |l 0  |r 2026-02-24 18:28:23  |w 2026-02-24